Geography Quiz

Random Geography or Blitz Quiz

Plymouth County (MA) Border Blitz Quiz Stats

Quiz not verified by Sporcle

Challenge
Share
Tweet
Embed
Score 0/27 Timer 00:30
0 Plays Today
City/Town % Correct
Carver
98.7%
Wareham
98.7%
Kingston
97.5%
Plymouth
94.9%
Middleborough
93.7%
Plympton
92.4%
Pembroke
89.9%
Halifax
86.1%
East Bridgewater
81%
Norwell
79.7%
Rockland
79.7%
Duxbury
79.7%
Marshfield
77.2%
Bridgewater
77.2%
City/Town % Correct
Hanson
75.9%
Rochester
75.9%
West Bridgewater
74.7%
Hanover
73.4%
Hingham
73.4%
Whitman
72.2%
Scituate
68.4%
Brockton
68.4%
Abington
67.1%
Marion
60.8%
Lakeville
58.2%
Hull
46.8%
Mattapoisett
45.6%

You're not logged in!

Compare scores with friends on all Sporcle quizzes.
Sign Up with Email
OR
Log In

You Might Also Like...

Show Comments

Extras

Top Quizzes Today


Score Distribution

Your Account Isn't Verified!

In order to create a playlist on Sporcle, you need to verify the email address you used during registration. Go to your Sporcle Settings to finish the process.

Report this User

Report this user for behavior that violates our Community Guidelines.

Details: